8 mots dans mots : ohé (mort subite) - Statistiques

Statistiques générales
  • Ce quiz a été pris 22 fois
  • Le résultat moyen est 6 sur 8
Answers on the Grid
Answers color-coded by a green-red scale on the quiz's grid according to % correct below.
Inc---rente
Ré---ilibrer
Libre - é---ngiste
C---riter
B---me
Timbres - q---tances
Né---breu
B---mienne
So---esauter
Sure---mbrement
Radi---ad
Bre---iller
C---sion
Abr---ativement
Su---pticement
Immun---matologie
 
Statistiques - réponses
Réponse % Correct
Inc---rente
100%
C---sion
95%
B---mienne
89%
C---riter
89%
B---me
74%
Né---breu
74%
Immun---matologie
68%
Radi---ad
58%
Aucun quiz correspondant
Distribution des résultats
% des personnes avec chaque résultat
Percentile par nombre de réponses
Votre historique - résultats
Vous n’avez pas pris ce quiz